00691cam a2200217 a 45000010008000000030005000080050017000130080041000300100017000710200035000880400019001230500023001420820014001651000022001792450055002012600068002563000034003245040066003586500028004247000021004523087681ASAB20170418113935.0980324s1998 enka b 001 0 eng  a 98017627  a0387915192 (pbk. : alk. paper) aDLCcASABdDLC00aQP356.2b.R49 199800a612.82211 aRevest, Patricia.10aMolecular neuroscience /cP. Revest, A. Longstaff. aOxford :bBios Scientific Pub. ;aNew York :bSpringer,cc1998. axvi, 237 p. :bill. ;c25 cm. aIncludes bibliographical references (p. [227]-229) and index. 0aMolecular neurobiology.1 aLongstaff, Alan.